|
|
|
|
| LEADER |
04474nam a22004093i 4500 |
| 001 |
EBC6523370 |
| 003 |
MiAaPQ |
| 005 |
20231204023215.0 |
| 006 |
m o d | |
| 007 |
cr cnu|||||||| |
| 008 |
231204s2021 xx o ||||0 eng d |
| 020 |
|
|
|a 9783658331399
|q (electronic bk.)
|
| 020 |
|
|
|z 9783658331382
|
| 035 |
|
|
|a (MiAaPQ)EBC6523370
|
| 035 |
|
|
|a (Au-PeEL)EBL6523370
|
| 035 |
|
|
|a (OCoLC)1249470309
|
| 040 |
|
|
|a MiAaPQ
|b eng
|e rda
|e pn
|c MiAaPQ
|d MiAaPQ
|
| 050 |
|
4 |
|a HD28-70
|
| 100 |
1 |
|
|a Strunz, Ulrich G.
|
| 245 |
1 |
4 |
|a The Impact of Individual Expertise and Public Information on Group Decision-Making.
|
| 250 |
|
|
|a 1st ed.
|
| 264 |
|
1 |
|a Wiesbaden :
|b Springer Fachmedien Wiesbaden GmbH,
|c 2021.
|
| 264 |
|
4 |
|c ©2021.
|
| 300 |
|
|
|a 1 online resource (197 pages)
|
| 336 |
|
|
|a text
|b txt
|2 rdacontent
|
| 337 |
|
|
|a computer
|b c
|2 rdamedia
|
| 338 |
|
|
|a online resource
|b cr
|2 rdacarrier
|
| 490 |
1 |
|
|a FOM-Edition Research Series
|
| 505 |
0 |
|
|a Intro -- Acknowledgments -- Contents -- Acronyms and Abbreviations -- List of Figures -- List of Tables -- 1 Introduction -- 2 Theoretical Background -- 2.1 Key Aspects for Real Economic Problem-Solving -- 2.1.1 Well-Defined Problems -- 2.1.2 Ill-Defined Problems -- 2.1.3 Definitions of Complexity -- 2.1.4 Ignoring Information -- 2.1.5 Uncertainty -- 2.2 The Role of Information in Decision-Making -- 2.2.1 Definitions of Information -- 2.2.2 Derivation of a Definition for Information -- 2.2.3 Information Perturbing Events in Behavioral Experiments -- 2.2.4 Making Decisions in a VUCA World -- 2.3 Expert Knowledge and Problem-Solving -- 2.3.1 Definition of Knowledge, Expertise and Expert Knowledge -- 2.3.2 Expert Knowledge as a Resource -- 2.3.3 The Role of Learning -- 2.4 Agents Acting as Disturbances -- 2.4.1 The Role of Feedback in Complex Problems Under Uncertainty -- 2.4.2 Novel Problems, Real-World Problems, and Non-routine Tasks -- 2.4.3 Problem Solving Search and Routine Strength -- 2.4.4 NPS: Adaptation, Beliefs, Response Times and Emotion -- 2.4.5 The Human Class: An Unbounded Set of Strategies -- 2.5 A Network of Interdependent Beliefs -- 2.5.1 From Game Theory to Behavioral Game Theory -- 2.5.2 Group Behavior -- 3 General Research Objectives -- 3.1 Summary of Key Findings -- 3.2 Model for Empirical Research -- 3.3 Experimental Framework for Research Objectives -- 4 Empirical Research Design -- 4.1 Development and Materials -- 4.1.1 Software Development Process -- 4.1.2 Legacy Version of Experiment -- 4.1.3 Problems with Legacy Experiment -- 4.1.4 Curiosity IO-Structure and Functionality -- 4.1.5 "Tower of Hanoi" Example Session -- 4.1.6 Example Session Data Output -- 4.1.7 Response Time and Input -- 4.1.8 States Derived from State-Space -- 4.1.9 Move States -- 4.1.10 Operator Output Function -- 4.1.11 State Output Function.
|
| 505 |
8 |
|
|a 4.1.12 Logic and Expected States -- 4.2 Participants -- 4.3 Procedure -- 5 Specific Research Objectives -- 5.1 Derivation of Hypotheses -- 5.2 Hypotheses and Variables -- 6 Results -- 6.1 Testing For Nonparametric Distribution -- 6.2 Expertise Rank and Logic Proportion -- 6.3 Environmental Change and Human Error -- 6.4 Information Conditions and Logic Deviation -- 6.5 Complete Logic Proportions Over Information Conditions -- 6.6 Expected States and Logic Proportion -- 6.7 Expected States and Logic Marker Proportion -- 6.8 Complete Expected States Over Information Conditions -- 6.9 Routine Consistency -- 6.10 Fundamental Strategy and Group Performance -- 6.11 Group Expertise and Logic Proportions -- 6.12 Gender Effects -- 7 Discussion -- 7.1 Discussion of Experimental Results -- 7.2 Methodological Analysis -- 7.3 Limitation -- 7.4 Future Outlook -- 8 Conclusion -- Bibliography.
|
| 588 |
|
|
|a Description based on publisher supplied metadata and other sources.
|
| 590 |
|
|
|a Electronic reproduction. Ann Arbor, Michigan : ProQuest Ebook Central, 2023. Available via World Wide Web. Access may be limited to ProQuest Ebook Central affiliated libraries.
|
| 655 |
|
4 |
|a Electronic books.
|
| 776 |
0 |
8 |
|i Print version:
|a Strunz, Ulrich G.
|t The Impact of Individual Expertise and Public Information on Group Decision-Making
|d Wiesbaden : Springer Fachmedien Wiesbaden GmbH,c2021
|z 9783658331382
|
| 797 |
2 |
|
|a ProQuest (Firm)
|
| 830 |
|
0 |
|a FOM-Edition Research Series
|
| 856 |
4 |
0 |
|u https://ebookcentral.proquest.com/lib/matrademy/detail.action?docID=6523370
|z Click to View
|